000 00649nam a22002297a 4500
003 UA-OsUOA
001 87741
007 ta
008 20120921b un ||||| |||| 00| 0 ukr d
100 _aБілкун М. В.
090 _a821.161.2
_bБ67
942 _cBK
040 _aUA-OsUOA
_bukr
_cUA-OsUOA
_dUA-OsUOA
245 _aМандрівка в прийдешній день
_bповість
300 _a288 с.
955 _a3
041 _aukr
080 _a821.161.2
260 _aК.
_bРадянський письменник
_c1982
650 7 _a82 Література. Літературознавство
_2UDC
999 _c374039
_d374039